000 00631nam a22001937a 4500
005 20250225151207.0
010 _aENG-143898
020 _c150.00
_a9788192880099
035 _aEN-127430
037 _bDBAD/PUB
082 _a881
100 _aSatyanarayana, S.V
_978709
245 _aLife is Movemant /
_cBy S.V Satyanaryana and chintapatla Sundershan;
_hEnglish
_bAn Anthology of Poetry
250 _a1
260 _aHyderabad
_bSmitha Publicaion
_c2017
270 _bHyderabad
_a301,Yamuna apartment Behind Vishal Mart,Ramanathpura
_e500013
300 _a91pg.
_c21cm(hbk)
942 _2ddc
_cEN
_h881
_mSAT
999 _c209757
_d209757